[Event "Heusenstamm Schloss op"]
[Site "Heusenstamm"]
[Date "2023.11.23"]
[Round "1"]
[White "Vihan, Shourya"]
[Black "Ruell, Michael"]
[Result "1-0"]
[WhiteElo "2044"]
[BlackElo "1753"]
[PlyCount "82"]
[EventDate "2023.11.23"]
[EventType "swiss"]
[EventRounds "7"]
[EventCountry "GER"]
[SourceTitle "CB48_2023"]
[SourceDate "2023.11.29"]
[SourceVersion "1"]
[SourceVersionDate "2023.11.29"]
[SourceQuality "1"]

1. d4 Nf6 2. c4 g6 3. Nc3 Bg7 4. e4 0-0 5. Be3 d6 6. f3 c5 7. dxc5 dxc5 8. Qxd8 Rxd8 9. Bxc5 Nc6 10. Nge2 Nd7 11. Be3 Nde5 12. Nf4 Nb4 13. Rc1 g5 14. Nfd5 Ned3+ 15. Bxd3 Nxd3+ 16. Ke2 Nxc1+ 17. Rxc1 Be6 18. Bxg5 Bxc3 19. Nxe7+ Kf8 20. Rxc3 h6 21. Bh4 Rd7 22. Nd5 b5 23. b3 bxc4 24. bxc4 Rc8 25. Kd3 Rb8 26. Rc2 Rb1 27. Ke2 f5 28. Ke3 Rdb7 29. Bf6 fxe4 30. fxe4 Kf7 31. Bc3 Rf1 32. Kd4 Bg4 33. c5 Bd1 34. Rd2 Ba4 35. h3 Ke6 36. Rd3 Rbf7 37. Rg3 Rd1+ 38. Kc4 Rb7 39. Rg6+ Kd7 40. Rd6+ Ke8 41. c6 Rb6 1-0

[Event "Heusenstamm Sparkassen op-A 6th"]
[Site "Heusenstamm"]
[Date "2019.11.22"]
[Round "3"]
[White "Zweschper, Erich"]
[Black "Ruell, Michael"]
[Result "1-0"]
[WhiteElo "2029"]
[BlackElo "1742"]
[PlyCount "33"]
[EventDate "2019.11.21"]
[EventType "swiss"]
[EventRounds "7"]
[EventCountry "GER"]
[SourceTitle "CBM 194 Extra"]
[Source "ChessBase"]
[SourceDate "2020.03.31"]
[SourceVersion "1"]
[SourceVersionDate "2020.03.31"]
[SourceQuality "1"]

1. d4 Nf6 2. Nf3 d6 3. c4 g6 4. Nc3 Bg7 5. Bg5 c5 6. d5 h6 7. Bd2 0-0 8. e4 Na6 9. Bd3 e6 10. dxe6 fxe6 11. e5 Ng4 12. Bxg6 Nxe5 13. Nxe5 Bxe5 14. Qh5 Bf4 15. Bxf4 Rxf4 16. Qxh6 Qf6 17. g3 1-0

[Event "Rhein Main op-A 22nd"]
[Site "Bad Homburg"]
[Date "2019.06.23"]
[Round "7"]
[White "Ruell, Michael"]
[Black "Marchese, Gaspare"]
[Result "1-0"]
[WhiteElo "1704"]
[BlackElo "1893"]
[PlyCount "71"]
[EventDate "2019.06.19"]
[EventType "swiss"]
[EventRounds "9"]
[EventCountry "GER"]
[SourceTitle "EXT 2020"]
[Source "ChessBase"]
[SourceDate "2019.10.17"]
[SourceVersion "1"]
[SourceVersionDate "2019.10.17"]
[SourceQuality "1"]

1. d4 Nf6 2. Bf4 g6 3. Nc3 Bg7 4. e4 d6 5. Qd2 h6 6. h4 c6 7. 0-0-0 Qa5 8. Kb1 Nbd7 9. Nf3 Ng4 10. Ne1 e5 11. Bg3 h5 12. Nb5 Qxd2 13. Nxd6+ Ke7 14. Nxc8+ Raxc8 15. Rxd2 exd4 16. Nf3 c5 17. Bb5 Nde5 18. c3 Nxf3 19. gxf3 Nh6 20. cxd4 Bxd4 21. Bf4 a6 22. Ba4 b5 23. Bc2 Ng8 24. Rhd1 f6 25. Be3 Bxe3 26. Rd7+ Ke8 27. fxe3 Ne7 28. Ra7 Rf8 29. Rxa6 Kf7 30. Rdd6 Kg7 31. a4 bxa4 32. Rd7 Rfe8 33. Raa7 Kf8 34. Bxa4 Nc6 35. Rf7+ Kg8 36. Rg7+ 1-0

[Event "Rhein Main op-A 22nd"]
[Site "Bad Homburg"]
[Date "2019.06.20"]
[Round "3"]
[White "Yaghy, Ritta"]
[Black "Ruell, Michael"]
[Result "1/2-1/2"]
[WhiteElo "1824"]
[BlackElo "1704"]
[PlyCount "39"]
[EventDate "2019.06.19"]
[EventType "swiss"]
[EventRounds "9"]
[EventCountry "GER"]
[SourceTitle "EXT 2020"]
[Source "ChessBase"]
[SourceDate "2019.10.17"]
[SourceVersion "1"]
[SourceVersionDate "2019.10.17"]
[SourceQuality "1"]

1. e4 c5 2. Nf3 Nc6 3. d4 cxd4 4. Nxd4 e5 5. Nb5 d6 6. N1c3 a6 7. Na3 b5 8. Nd5 Nge7 9. Bg5 f6 10. Qh5+ g6 11. Nxf6+ Kf7 12. Qh4 h6 13. Nd5 hxg5 14. Qxh8 Qa5+ 15. b4 Qxa3 16. Qf6+ Ke8 17. Rd1 Nxd5 18. Qxg6+ Kd8 19. exd5 Qxb4+ 20. Rd2 1/2-1/2

[Event "Main Vogelsberg op 14th"]
[Site "Waechtersbach"]
[Date "2019.06.10"]
[Round "6"]
[White "Kolzenburg, Jan Niklas"]
[Black "Ruell, Michael"]
[Result "1/2-1/2"]
[WhiteElo "1504"]
[BlackElo "1673"]
[PlyCount "21"]
[EventDate "2019.06.07"]
[EventType "swiss"]
[EventRounds "7"]
[EventCountry "GER"]
[SourceTitle "CBM 190 Extra"]
[Source "ChessBase"]
[SourceDate "2019.07.15"]
[SourceVersion "1"]
[SourceVersionDate "2019.07.15"]
[SourceQuality "1"]

1. e4 c5 2. Nf3 Nc6 3. d4 cxd4 4. Nxd4 e5 5. Nf3 Bc5 6. Nc3 Nf6 7. Bg5 Qb6 8. Rb1 Bxf2+ 9. Ke2 d5 10. Qd3 dxe4 11. Nxe4 1/2-1/2

[Event "Main Vogelsberg op 14th"]
[Site "Waechtersbach"]
[Date "2019.06.10"]
[Round "7"]
[White "Ruell, Michael"]
[Black "Lutz, Gerhard1111"]
[Result "0-1"]
[WhiteElo "1673"]
[BlackElo "1657"]
[PlyCount "57"]
[EventDate "2019.06.07"]
[EventType "swiss"]
[EventRounds "7"]
[EventCountry "GER"]
[SourceTitle "CBM 190 Extra"]
[Source "ChessBase"]
[SourceDate "2019.07.15"]
[SourceVersion "1"]
[SourceVersionDate "2019.07.15"]
[SourceQuality "1"]

1. d4 b6 2. Bf4 Bb7 3. e3 e6 4. Nd2 Nf6 5. Ngf3 Be7 6. Bd3 d5 7. Ne5 a6 8. c3 Nbd7 9. Ndf3 Nxe5 10. Nxe5 c5 11. Qa4+ Nd7 12. Nc6 Bxc6 13. Qxc6 c4 14. Bc2 Qc8 15. Qxc8+ Rxc8 16. e4 Nf6 17. Be5 0-0 18. exd5 Nxd5 19. 0-0-0 b5 20. a3 Rfd8 21. Rhe1 a5 22. Be4 b4 23. axb4 axb4 24. cxb4 Bxb4 25. Bxd5 Bxe1 26. Bb7 Bxf2 27. Bxc8 Rxc8 28. Kd2 f6 29. Ke2 0-1

[Event "Main Vogelsberg op 14th"]
[Site "Waechtersbach"]
[Date "2019.06.07"]
[Round "1"]
[White "Ruell, Michael"]
[Black "Urbach, Jens"]
[Result "0-1"]
[WhiteElo "1673"]
[BlackElo "1374"]
[PlyCount "54"]
[EventDate "2019.06.07"]
[EventType "swiss"]
[EventRounds "7"]
[EventCountry "GER"]
[SourceTitle "CBM 190 Extra"]
[Source "ChessBase"]
[SourceDate "2019.07.15"]
[SourceVersion "1"]
[SourceVersionDate "2019.07.15"]
[SourceQuality "1"]

1. d4 d5 2. Bf4 e6 3. e3 c5 4. c3 Nc6 5. Nd2 cxd4 6. exd4 Bd6 7. Bg3 Nf6 8. Bd3 0-0 9. Ngf3 Re8 10. Ne5 Qe7 11. Qc2 g6 12. Ndf3 Nd7 13. Ng4 e5 14. dxe5 Ndxe5 15. Ngxe5 Nxe5 16. Nxe5 Bxe5 17. 0-0-0 Bg7 18. f3 Be6 19. Kb1 a5 20. Rhe1 a4 21. f4 a3 22. f5 gxf5 23. Bxf5 axb2 24. Bxh7+ Kh8 25. Bd3 d4 26. Bb5 Bxa2+ 27. Kxb2 Qa3+ 0-1

[Event "Rhein Main op-A 21st"]
[Site "Bad Homburg"]
[Date "2018.06.01"]
[Round "4"]
[White "Ruell, Michael"]
[Black "Zimmer, Gerald"]
[Result "0-1"]
[WhiteElo "1804"]
[BlackElo "1998"]
[PlyCount "82"]
[EventDate "2018.05.30"]
[EventType "swiss"]
[EventRounds "7"]
[EventCountry "GER"]
[SourceTitle "EXT 2019"]
[Source "ChessBase"]
[SourceDate "2018.10.10"]
[SourceVersion "1"]
[SourceVersionDate "2018.10.10"]
[SourceQuality "1"]

1. d4 e6 2. Nf3 Nf6 3. Bf4 c5 4. e3 d5 5. c3 Qb6 6. Qb3 c4 7. Qc2 Qa5 8. Nbd2 Nc6 9. Be2 Be7 10. Ne5 Nxe5 11. dxe5 Nd7 12. Nf3 Nc5 13. 0-0 Ne4 14. Nd4 Bd7 15. f3 Nc5 16. b4 cxb3 17. axb3 Qb6 18. b4 Na6 19. Bxa6 bxa6 20. Ra5 Bb5 21. Nxb5 axb5 22. Rfa1 0-0 23. Qa2 g5 24. Rxa7 Rxa7 25. Qxa7 Qxa7 26. Rxa7 gxf4 27. Rxe7 fxe3 28. Rc7 Ra8 29. Kf1 Ra2 30. h4 Rc2 31. Rc5 h5 32. g4 Kg7 33. gxh5 Kh6 34. f4 Kxh5 35. f5 Rf2+ 36. Ke1 Kg4 37. fxe6 fxe6 38. Rxb5 Kf3 39. Rb8 Rc2 40. Rf8+ Ke4 41. h5 Kd3 0-1

[Event "Rhein Main op-A 21st"]
[Site "Bad Homburg"]
[Date "2018.05.31"]
[Round "3"]
[White "Reichenbaecher, Thomas"]
[Black "Ruell, Michael"]
[Result "1/2-1/2"]
[WhiteElo "1993"]
[BlackElo "1804"]
[PlyCount "94"]
[EventDate "2018.05.30"]
[EventType "swiss"]
[EventRounds "7"]
[EventCountry "GER"]
[SourceTitle "EXT 2019"]
[Source "ChessBase"]
[SourceDate "2018.10.10"]
[SourceVersion "1"]
[SourceVersionDate "2018.10.10"]
[SourceQuality "1"]

1. d4 Nf6 2. Nf3 g6 3. g3 Bg7 4. c4 0-0 5. Nc3 d6 6. Bg2 Nc6 7. d5 Na5 8. Qd3 c5 9. 0-0 a6 10. e4 Bd7 11. Re1 b5 12. Nd2 Ng4 13. h3 Ne5 14. Qe2 Nexc4 15. Rb1 Na3 16. bxa3 Bxc3 17. Bb2 Bxd2 18. Qxd2 Nc4 19. Qh6 Nxb2 20. Rxb2 Ra7 21. e5 dxe5 22. Rxe5 f6 23. Re3 Rf7 24. Rbe2 a5 25. h4 b4 26. Qf4 Bb5 27. Re1 Qc7 28. Qe4 f5 29. Qc2 c4 30. Re6 c3 31. a4 Bd7 32. R6e5 f4 33. gxf4 Bf5 34. Qc1 Qc4 35. Qe3 Qc7 36. d6 exd6 37. Re8+ Kg7 38. Bd5 Qc5 39. Qf3 c2 40. Rc1 Bd7 41. Re2 Bxa4 42. Bxf7 Rxf7 43. Qe3 Qd5 44. Rd2 Qxa2 45. Rxd6 Qb2 46. Rd4 Qb3 47. Qe5+ Kh6 1/2-1/2

[Event "Rhein Main op-A 21st"]
[Site "Bad Homburg"]
[Date "2018.05.31"]
[Round "2"]
[White "Ruell, Michael"]
[Black "Kuhn, Gerhard"]
[Result "0-1"]
[WhiteElo "1804"]
[BlackElo "1964"]
[PlyCount "42"]
[EventDate "2018.05.30"]
[EventType "swiss"]
[EventRounds "7"]
[EventCountry "GER"]
[SourceTitle "EXT 2019"]
[Source "ChessBase"]
[SourceDate "2018.10.10"]
[SourceVersion "1"]
[SourceVersionDate "2018.10.10"]
[SourceQuality "1"]

1. d4 f5 2. Bg5 Nf6 3. Nc3 e6 4. e4 Be7 5. exf5 exf5 6. Bc4 Ne4 7. Bxe7 Qxe7 8. Nd5 Qd8 9. Nf3 c6 10. Nf4 d5 11. Ne5 Qg5 12. Nh3 Qxg2 13. Qh5+ g6 14. Qh6 Qxh1+ 15. Bf1 Nd7 16. Nxg6 hxg6 17. Qxh8+ Nf8 18. 0-0-0 Qf3 19. Re1 Be6 20. Be2 Qg2 21. Bf1 Qxh2 0-1

[Event "Heusenstamm Sparkassen op-A 4th"]
[Site "Heusenstamm"]
[Date "2017.11.26"]
[Round "6"]
[White "Kolker, Vladislav"]
[Black "Ruell, Michael"]
[Result "1-0"]
[WhiteElo "1985"]
[BlackElo "1801"]
[PlyCount "71"]
[EventDate "2017.11.23"]
[EventType "swiss"]
[EventRounds "7"]
[EventCountry "GER"]
[SourceTitle "EXT 2019"]
[Source "ChessBase"]
[SourceDate "2018.10.10"]
[SourceVersion "1"]
[SourceVersionDate "2018.10.10"]
[SourceQuality "1"]

1. e4 c5 2. Nf3 Nc6 3. d4 cxd4 4. Nxd4 e5 5. Nb5 d6 6. N1c3 a6 7. Na3 b5 8. Nd5 Be7 9. Be3 Rb8 10. c4 b4 11. Nc2 h6 12. b3 Bg5 13. Qd2 Nf6 14. f3 Nxd5 15. cxd5 Bxe3 16. Qxe3 Ne7 17. Bc4 a5 18. a3 Bd7 19. axb4 axb4 20. 0-0 Qb6 21. Qxb6 Rxb6 22. Ra8+ Nc8 23. Rfa1 Ke7 24. R1a6 Rb7 25. Kf2 Re8 26. Ke2 Nb6 27. Rxe8+ Bxe8 28. Ne3 Nxc4 29. Nxc4 Bb5 30. Ra2 Rc7 31. Kd3 f6 32. Ra8 Rc5 33. Ra7+ Kf8 34. Rb7 Kg8 35. Rb8+ Kf7 36. Rxb5 1-0

[Event "Heusenstamm Sparkassen op-A 4th"]
[Site "Heusenstamm"]
[Date "2017.11.25"]
[Round "5"]
[White "Ruell, Michael"]
[Black "Masoudi, Kian"]
[Result "1-0"]
[WhiteElo "1801"]
[BlackElo "1581"]
[PlyCount "79"]
[EventDate "2017.11.23"]
[EventType "swiss"]
[EventRounds "7"]
[EventCountry "GER"]
[SourceTitle "EXT 2019"]
[Source "ChessBase"]
[SourceDate "2018.10.10"]
[SourceVersion "1"]
[SourceVersionDate "2018.10.10"]
[SourceQuality "1"]

1. d4 d5 2. Bf4 e6 3. e3 Bd6 4. Bg3 Bxg3 5. hxg3 Bd7 6. Bd3 h6 7. Nf3 Qe7 8. Ne5 Qb4+ 9. Nd2 Nc6 10. a3 Qf8 11. Nxd7 Kxd7 12. c4 Nf6 13. Qb3 Qe7 14. Nf3 Rhb8 15. Ne5+ Nxe5 16. dxe5 Ng4 17. cxd5 Nxe5 18. Qb5+ c6 19. dxc6+ Nxc6 20. Rd1 Ke8 21. Be4 Rc8 22. 0-0 Kf8 23. Rd2 Rd8 24. Rfd1 Qc7 25. Qc5+ Ke8 26. Rxd8+ Rxd8 27. Rxd8+ Qxd8 28. Bxc6+ bxc6 29. Qxc6+ Kf8 30. Qc5+ Qe7 31. Qxe7+ Kxe7 32. Kf1 Kd6 33. Ke2 Kc5 34. b3 a5 35. Kd3 f5 36. b4+ axb4 37. axb4+ Kxb4 38. Kd4 Kb3 39. Ke5 Kc3 40. Kxe6 1-0

[Event "Eschborn op"]
[Site "Eschborn"]
[Date "2017.10.14"]
[Round "3"]
[White "Ruell, Michael"]
[Black "Nickel, Ruediger"]
[Result "0-1"]
[WhiteElo "1719"]
[BlackElo "2065"]
[PlyCount "50"]
[EventDate "2017.10.13"]
[EventType "swiss"]
[EventRounds "5"]
[EventCountry "GER"]
[SourceTitle "EXT 2019"]
[Source "ChessBase"]
[SourceDate "2018.10.10"]
[SourceVersion "1"]
[SourceVersionDate "2018.10.10"]
[SourceQuality "1"]

1. d4 Nf6 2. Bf4 d5 3. e3 e6 4. c3 c5 5. Nd2 Nc6 6. Bd3 Bd6 7. Bxd6 Qxd6 8. f4 Bd7 9. Rc1 0-0 10. Ngf3 Rfc8 11. Ne5 Be8 12. g4 cxd4 13. exd4 g5 14. Nxc6 Bxc6 15. fxg5 Ne4 16. Nf3 Qf4 17. Rc2 Rf8 18. 0-0 Rac8 19. h4 Ba4 20. b3 Nxc3 21. Bxh7+ Kxh7 22. Qd3+ Qe4 23. Rxc3 Bb5 24. g6+ Kg7 25. Qxb5 Rxc3 0-1

[Event "Chess Holiday 2017 K21"]
[Site "Prague"]
[Date "2017.07.28"]
[Round "9"]
[White "Sittinger, Lutz"]
[Black "Ruell, Michael"]
[Result "1-0"]
[WhiteElo "1867"]
[BlackElo "1805"]
[PlyCount "99"]
[EventDate "2017.07.23"]
[EventType "tourn"]
[EventRounds "9"]
[EventCountry "CZE"]
[SourceTitle "EXT 2024"]
[Source "ChessBase"]
[SourceDate "2023.10.10"]
[SourceVersion "1"]
[SourceVersionDate "2023.10.10"]
[SourceQuality "1"]

1. e4 c5 2. Nf3 Nc6 3. d4 cxd4 4. Nxd4 e5 5. Nb5 d6 6. Be3 Nf6 7. Nd2 a6 8. Nc3 d5 9. exd5 Nxd5 10. Nxd5 Qxd5 11. Nb3 Be6 12. Qxd5 Bxd5 13. c3 0-0-0 14. f3 Be7 15. Be2 Nb8 16. 0-0-0 Be6 17. Kb1 Bf5+ 18. Ka1 h6 19. Rxd8+ Rxd8 20. Rd1 Bc2 21. Rxd8+ Bxd8 22. Nd2 Bg5 23. Bxg5 hxg5 24. Nc4 f6 25. Nd6+ Kc7 26. Ne8+ Kd7 27. Nxg7 Bg6 28. Bc4 e4 29. fxe4 Bxe4 30. g3 Nc6 31. Be6+ Ke7 32. Bf5 Bxf5 33. Nxf5+ Ke6 34. Ne3 Ne5 35. Kb1 Nf3 36. Nf1 Kf5 37. Kc2 Kg4 38. Kd3 Kh3 39. Ke3 Kg2 40. Ke2 g4 41. Ne3+ Kh3 42. Kf2 Nxh2 43. Nd5 Nf3 44. Nxf6 Ne5 45. b4 Nd3+ 46. Ke3 Nc1 47. Nh5 b6 48. Kd2 Nxa2 49. Kc2 a5 50. bxa5 1-0

[Event "Prague Holiday K21"]
[Site "Prague"]
[Date "2017.07.27"]
[Round "8"]
[White "Ruell, Michael"]
[Black "Schoenmakers, Nico"]
[Result "1-0"]
[WhiteElo "1805"]
[BlackElo "1808"]
[PlyCount "103"]
[EventDate "2017.07.23"]
[EventType "tourn"]
[EventRounds "9"]
[EventCountry "CZE"]
[SourceTitle "EXT 2023"]
[Source "ChessBase"]
[SourceDate "2022.10.05"]
[SourceVersion "1"]
[SourceVersionDate "2022.10.05"]
[SourceQuality "1"]

1. d4 d5 2. Bf4 e6 3. e3 Bd6 4. Bg3 Nf6 5. c3 0-0 6. Nf3 b6 7. Nbd2 c5 8. Bd3 Ba6 9. Bxa6 Nxa6 10. Qe2 c4 11. e4 dxe4 12. Nxe4 Nxe4 13. Qxe4 Rc8 14. Ng5 Qxg5 15. Bxd6 Rfe8 16. Qf4 Qd5 17. 0-0-0 Rcd8 18. Ba3 b5 19. Rhe1 Qb7 20. Bc5 b4 21. cxb4 Nxb4 22. Bxb4 Qxb4 23. d5 Rb8 24. Rd2 exd5 25. Rxe8+ Rxe8 26. Rxd5 Qa4 27. Re5 Rf8 28. Rc5 Rd8 29. Rd5 Rf8 30. Qc7 Qxa2 31. Ra5 Qb3 32. Rxa7 Qd3 33. Qg3 Qf1+ 34. Kc2 Qe2+ 35. Kb1 Qe4+ 36. Ka2 Qd5 37. Qf3 Qb5 38. Qb7 Qe5 39. Ra8 g6 40. Rxf8+ Kxf8 41. Qf3 Qa5+ 42. Qa3+ Qxa3+ 43. Kxa3 Ke7 44. Kb4 Kd6 45. Kxc4 Kc6 46. Kd4 f6 47. g4 h6 48. Ke4 Kc5 49. f4 Kd6 50. f5 g5 51. Kd4 Kc6 52. b4 1-0

[Event "Prague Holiday K21"]
[Site "Prague"]
[Date "2017.07.26"]
[Round "6"]
[White "Ruell, Michael"]
[Black "Ekberg, Karl"]
[Result "0-1"]
[WhiteElo "1805"]
[BlackElo "1848"]
[PlyCount "66"]
[EventDate "2017.07.23"]
[EventType "tourn"]
[EventRounds "9"]
[EventCountry "CZE"]
[SourceTitle "EXT 2023"]
[Source "ChessBase"]
[SourceDate "2022.10.05"]
[SourceVersion "1"]
[SourceVersionDate "2022.10.05"]
[SourceQuality "1"]

1. d4 d5 2. Bf4 Nf6 3. e3 c5 4. c3 Nc6 5. Nd2 Bf5 6. Ngf3 h6 7. Qb3 b6 8. dxc5 bxc5 9. e4 dxe4 10. Bc4 e6 11. Qb7 Qc8 12. Ba6 e5 13. Nxe5 Qxb7 14. Bxb7 Nxe5 15. Bxe5 Rd8 16. Bc7 Rd3 17. Ba6 Kd7 18. Bxd3 exd3 19. Bg3 Nh5 20. 0-0-0 Nxg3 21. hxg3 Be7 22. Nf3 Bf6 23. c4 Rb8 24. b3 Bc3 25. g4 Bg6 26. Nd2 Re8 27. Rhe1 Re2 28. Rf1 Kc7 29. f4 Rxg2 30. f5 Bh7 31. Rf3 Rxg4 32. Rxd3 Bd4 33. Rf3 g6 0-1

[Event "Prague Holiday K11"]
[Site "Prague"]
[Date "2017.07.20"]
[Round "7"]
[White "Ruell, Michael"]
[Black "Schaefer, Martin1111"]
[Result "1-0"]
[WhiteElo "1805"]
[BlackElo "2001"]
[PlyCount "49"]
[EventDate "2017.07.16"]
[EventType "tourn"]
[EventRounds "9"]
[EventCountry "CZE"]
[SourceTitle "EXT 2023"]
[Source "ChessBase"]
[SourceDate "2022.10.05"]
[SourceVersion "1"]
[SourceVersionDate "2022.10.05"]
[SourceQuality "1"]

1. d4 f5 2. Bg5 h6 3. Bh4 g5 4. e4 Bg7 5. Bg3 f4 6. h4 fxg3 7. Qh5+ Kf8 8. Qf3+ Nf6 9. e5 gxf2+ 10. Qxf2 e6 11. hxg5 hxg5 12. Rxh8+ Bxh8 13. Nh3 Ke7 14. Nxg5 Qg8 15. exf6+ Bxf6 16. Ne4 Qg7 17. Nbc3 d5 18. Nxf6 Qxf6 19. Qe3 c5 20. Nxd5+ Kf7 21. Nxf6 Kxf6 22. 0-0-0 Bd7 23. Qf3+ Kg5 24. Qxb7 Bc6 25. Qg7+ 1-0

[Event "Prague Holiday K11"]
[Site "Prague"]
[Date "2017.07.18"]
[Round "4"]
[White "Ruell, Michael"]
[Black "Pokorny, Jan1111"]
[Result "0-1"]
[WhiteElo "1805"]
[BlackElo "1835"]
[PlyCount "49"]
[EventDate "2017.07.16"]
[EventType "tourn"]
[EventRounds "9"]
[EventCountry "CZE"]
[SourceTitle "EXT 2023"]
[Source "ChessBase"]
[SourceDate "2022.10.05"]
[SourceVersion "1"]
[SourceVersionDate "2022.10.05"]
[SourceQuality "1"]

1. d4 Nf6 2. Bf4 d6 3. e3 Bg4 4. Nf3 g6 5. Nbd2 Bg7 6. h3 Bd7 7. h4 Nc6 8. c3 Nh5 9. Bh2 e5 10. Bc4 0-0 11. Ng5 Na5 12. Be2 h6 13. dxe5 dxe5 14. Nge4 Nf6 15. Nc5 Qe7 16. Nxd7 Nxd7 17. Qa4 Nc6 18. 0-0-0 Nb6 19. Qc2 a5 20. f4 exf4 21. Bxf4 a4 22. a3 Nd5 23. Nf3 Nxe3 24. Bxe3 Qxe3+ 25. Kb1 0-1

[Event "Prague Holiday K11"]
[Site "Prague"]
[Date "2017.07.18"]
[Round "5"]
[White "Schubert, Gerhard"]
[Black "Ruell, Michael"]
[Result "0-1"]
[WhiteElo "2011"]
[BlackElo "1805"]
[PlyCount "49"]
[EventDate "2017.07.16"]
[EventType "tourn"]
[EventRounds "9"]
[EventCountry "CZE"]
[SourceTitle "EXT 2023"]
[Source "ChessBase"]
[SourceDate "2022.10.05"]
[SourceVersion "1"]
[SourceVersionDate "2022.10.05"]
[SourceQuality "1"]

1. e4 c5 2. Nc3 Nc6 3. d3 g6 4. Be3 Bg7 5. Qd2 Nd4 6. Nge2 d6 7. Nd1 e5 8. c3 Ne6 9. g3 d5 10. Qc2 c4 11. dxc4 d4 12. Qb3 dxe3 13. Nxe3 Nf6 14. Qb5+ Bd7 15. Qxe5 0-0 16. Rd1 Ng4 17. Qd6 Ng5 18. Nf4 Nxe3 19. fxe3 Bg4 20. Be2 Bxe2 21. Kxe2 Nxe4 22. Qb4 Qc8 23. Kf3 Qf5 24. Rd5 Ng5+ 25. Ke2 0-1

[Event "Rhein Main op-A 20th"]
[Site "Bad Homburg"]
[Date "2017.06.17"]
[Round "6"]
[White "Reimer, Otto"]
[Black "Ruell, Michael"]
[Result "0-1"]
[WhiteElo "1951"]
[BlackElo "1830"]
[PlyCount "96"]
[EventDate "2017.06.14"]
[EventType "swiss"]
[EventRounds "7"]
[EventCountry "GER"]
[SourceTitle "EXT 2018"]
[Source "ChessBase"]
[SourceDate "2017.10.13"]
[SourceVersion "1"]
[SourceVersionDate "2017.10.13"]
[SourceQuality "1"]

1. e4 c5 2. Nf3 Nc6 3. d4 cxd4 4. Nxd4 e5 5. Nb3 Nf6 6. Bd3 d5 7. exd5 Nxd5 8. a3 Be6 9. Bd2 Nf4 10. Be4 Bxb3 11. cxb3 Nd3+ 12. Bxd3 Qxd3 13. Bc3 Qxd1+ 14. Kxd1 0-0-0+ 15. Ke2 Bc5 16. Nd2 Nd4+ 17. Bxd4 Bxd4 18. Rhc1+ Kb8 19. Rab1 Bxf2 20. Rf1 Bh4 21. Rxf7 Rhf8 22. Rbf1 Bf6 23. Rxf8 Rxf8 24. Ne4 Kc7 25. b4 Be7 26. Rxf8 Bxf8 27. Ng5 Kd6 28. Nxh7 Be7 29. g3 Ke6 30. h4 Kf5 31. Kf3 e4+ 32. Ke3 Kg4 33. Kxe4 Kxg3 34. Ng5 Bxg5 35. hxg5 Kg4 36. g6 Kg5 37. Ke5 Kxg6 38. Kf4 Kh5 39. Kg3 Kg5 40. a4 Kf5 41. Kf3 Ke5 42. Ke3 Kd5 43. b3 Ke5 44. b5 b6 45. b4 Kd5 46. Kd3 g6 47. a5 g5 48. axb6 axb6 0-1

[Event "Rhein Main op-A 20th"]
[Site "Bad Homburg"]
[Date "2017.06.14"]
[Round "1"]
[White "Ruell, Michael"]
[Black "Poetschke, Wolfgang"]
[Result "1/2-1/2"]
[WhiteElo "1830"]
[BlackElo "2086"]
[PlyCount "48"]
[EventDate "2017.06.14"]
[EventType "swiss"]
[EventRounds "7"]
[EventCountry "GER"]
[SourceTitle "EXT 2018"]
[Source "ChessBase"]
[SourceDate "2017.10.13"]
[SourceVersion "1"]
[SourceVersionDate "2017.10.13"]
[SourceQuality "1"]

1. d4 d5 2. Bf4 Nf6 3. e3 c5 4. c3 Nc6 5. Nd2 Qb6 6. Qb3 c4 7. Qc2 g6 8. b3 Bf5 9. Qd1 cxb3 10. axb3 Bg7 11. Ngf3 0-0 12. Be2 Rac8 13. c4 a5 14. 0-0 Nb4 15. Ne5 Qd8 16. f3 b6 17. g4 Be6 18. Ra4 Nd7 19. Nd3 Nc6 20. cxd5 Bxd5 21. e4 b5 22. exd5 bxa4 23. dxc6 Bxd4+ 24. Kh1 Rxc6 1/2-1/2

[Event "Rhein Main op-A 19th"]
[Site "Bad Homburg"]
[Date "2016.05.26"]
[Round "2"]
[White "Hankel, Dennis"]
[Black "Ruell, Michael"]
[Result "1-0"]
[WhiteElo "2128"]
[BlackElo "1799"]
[PlyCount "59"]
[EventDate "2016.05.25"]
[EventType "swiss"]
[EventRounds "7"]
[EventCountry "GER"]
[SourceTitle "EXT 2017"]
[Source "ChessBase"]
[SourceDate "2016.10.25"]
[SourceVersion "1"]
[SourceVersionDate "2016.10.25"]
[SourceQuality "1"]

1. e4 c5 2. Nf3 Nc6 3. Nc3 d6 4. d4 cxd4 5. Nxd4 e5 6. Ndb5 a6 7. Na3 b5 8. Nd5 Be7 9. Be3 Rb8 10. g3 Nf6 11. Bg2 0-0 12. c3 Bb7 13. 0-0 Nxd5 14. exd5 Na5 15. Qd3 f5 16. b4 e4 17. Qd2 Nc4 18. Nxc4 bxc4 19. f3 exf3 20. Bxf3 h6 21. Rae1 Bg5 22. Bxg5 Qxg5 23. Qxg5 hxg5 24. Re6 Rbe8 25. Rfe1 Rxe6 26. Rxe6 Rf6 27. Rxf6 gxf6 28. Kf2 g4 29. Bg2 Kf7 30. Ke3 1-0

[Event "Heusenstamm Sparkassen op-A 2nd"]
[Site "Heusenstamm"]
[Date "2015.11.29"]
[Round "7"]
[White "Ruell, Michael"]
[Black "Kuhn, Gerhard"]
[Result "1/2-1/2"]
[WhiteElo "1759"]
[BlackElo "1969"]
[PlyCount "62"]
[EventDate "2015.11.26"]
[EventType "swiss"]
[EventRounds "7"]
[EventCountry "GER"]
[SourceTitle "EXT 2018"]
[Source "ChessBase"]
[SourceDate "2017.10.13"]
[SourceVersion "1"]
[SourceVersionDate "2017.10.13"]
[SourceQuality "1"]

1. d4 Nf6 2. Bf4 g6 3. e3 Bg7 4. Nf3 d5 5. Be2 0-0 6. h3 c5 7. c3 cxd4 8. exd4 Nc6 9. 0-0 Re8 10. Re1 Qb6 11. Qb3 Qxb3 12. axb3 a6 13. Nbd2 Bf5 14. b4 Ne4 15. Nb3 h5 16. Na5 Nxa5 17. Rxa5 Red8 18. Rea1 Bc8 19. b5 Rd7 20. bxa6 bxa6 21. Bb5 Rda7 22. c4 dxc4 23. Bxc4 Nd6 24. Bxd6 exd6 25. b4 Bb7 26. Bd5 Bxd5 27. Rxd5 Rb7 28. Rxd6 Rxb4 29. Rdxa6 Rxa6 30. Rxa6 Bxd4 31. Nxd4 Rxd4 1/2-1/2